000
00443nam a2200169Ia 4500
008
090711s9999 xx 000 0 und d
082
_b
73431
100
_a
खिरे जयश्री
245
_a
मोतिया
260
_c
1994
300
_a
139
600
_a
खिरे जयश्री
630
_a
मोतिया
700
_a
खिरे जयश्री
730
_a
मोतिया
942
_c
BOOK
999
_c
311311
_d
311311